Welcome to the Holygrace Academy Library

Please use search bar below to get started

SIX O'CLOCK TALES (Record no. 208)

MARC details
000 -LEADER
fixed length control field 00587nam a22001457a 4500
020 ## - INTERNATIONAL STANDARD BOOK NUMBER
ISBN 0-7497-1338-0
082 ## - DEWEY DECIMAL CLASSIFICATION NUMBER
Classification number 823
Item number BLY/S
100 ## - MAIN ENTRY--AUTHOR NAME
Personal name ENID BLYTON
245 ## - TITLE STATEMENT
Title SIX O'CLOCK TALES
260 ## - PUBLICATION, DISTRIBUTION, ETC. (IMPRINT)
Place of publication GREAT BRITAIN
Name of publisher MAMMOTH
Year of publication 1942
300 ## - PHYSICAL DESCRIPTION
Number of Pages 150
520 ## - SUMMARY, ETC.
Summary, etc TWINKLE THE ELF ISN'T AFRAID OF ANYONE OR ANYTHING, BUT WHEN HE PLAYS A TRICK ON SNORTY THE DRAGON, HE GETS MORE THAN HE BARGAINED FOR! AND WHILE MALCOLM AND JANET GO ON A THRILLING TRAIN JOURNEY, TUFFY THE CLOWN TRIES TO BE A HERO AND PIXIE PINNIE PAINTS A COW!
650 ## - SUBJECT ADDED ENTRY--TOPICAL TERM
Topical Term CHILDREN'S STORY BOOK
Geographic subdivision UNITED KINGDOM
942 ## - ADDED ENTRY ELEMENTS (KOHA)
Koha item type Books
Holdings
Withdrawn status Lost status Collection code Home library Current library Shelving location Date acquired Full call number Accession Number Koha item type
    Fiction Main Library Main Library SHELF-12D-ENID BLYTON FAMOUS FIVE 08/03/2002 823 BLY/S 00015 Books